000 00648cam a2200169 4500500
005 20260405005201.0
041 _afre
042 _adc
100 1 0 _aFerrari, Jérôme
_eauthor
700 1 0 _aRose, Sean
_eauthor
245 0 0 _aExhibitions
260 _c2018.
500 _a92
520 _aIn this first Caravaggio exhibition in Paris since 1965, ten masterpieces by this painter with an inflammatory reputation interact with contemporaries from his Roman period.
786 0 _nÉtudes | ovember | 11 | 2018-10-15 | p. 103-107 | 0014-1941
856 4 1 _uhttps://shs.cairn.info/journal-etudes-2018-11-page-103?lang=en&redirect-ssocas=7080
999 _c2081696
_d2081696